भारतीय सामाजिक विकास और हिन्दी उपन्यास / (Record no. 10751)
[ view plain ]
| 000 -LEADER | |
|---|---|
| fixed length control field | 01129 a2200217 4500 |
| 005 - DATE AND TIME OF LATEST TRANSACTION | |
| control field | 20080828143238.0 |
| 008 - FIXED-LENGTH DATA ELEMENTS--GENERAL INFORMATION | |
| fixed length control field | 080828t xxu||||| |||| 00| 0 hin d |
| 010 ## - LIBRARY OF CONGRESS CONTROL NUMBER | |
| LC control number | HIN-82616 |
| 020 ## - INTERNATIONAL STANDARD BOOK NUMBER | |
| Terms of availability | 200.00 |
| International Standard Book Number | 8185255393 |
| 035 ## - SYSTEM CONTROL NUMBER | |
| System control number | HN-54962 |
| 037 ## - SOURCE OF ACQUISITION | |
| Source of stock number/acquisition | पु.प्र.अ.प्र/प्रका |
| 082 ## - DEWEY DECIMAL CLASSIFICATION NUMBER | |
| Classification number | 823.08 |
| 100 ## - MAIN ENTRY--PERSONAL NAME | |
| Personal name | सिंह, एस.आर. |
| 245 ## - TITLE STATEMENT | |
| Title | भारतीय सामाजिक विकास और हिन्दी उपन्यास / |
| Statement of responsibility, etc | एस.आर.सिंह |
| 246 ## - VARYING FORM OF TITLE | |
| Title proper/short title | Bhartiya Samajik Vikas aur Hindi Upnyas |
| Remainder of title | by Sewa Ram Singh |
| 260 ## - PUBLICATION, DISTRIBUTION, ETC. (IMPRINT) | |
| Place of publication, distribution, etc | दिल्ली |
| Name of publisher, distributor, etc | अभिव्यक्ति प्रकाशन |
| Date of publication, distribution, etc | 2008 |
| 270 ## - ADDRESS | |
| Address | 29/61, गली नं.11, विश्वास नगर |
| City | दिल्ली |
| Postal code | 110032 |
| 300 ## - PHYSICAL DESCRIPTION | |
| Extent | 160पृ |
| Dimensions | 22 सेमी (सजिल्द) |
| 942 ## - ADDED ENTRY ELEMENTS (KOHA) | |
| Institution code [OBSOLETE] | dpl |
| Koha item type | Hindi Books |
| Call number prefix | 823.08 / सिंहए |
| Source of classification or shelving scheme | Dewey Decimal Classification |
| Classification part | 823.08 |
| Call number suffix | सिंहए |
| Withdrawn status | Lost status | Damaged status | Not for loan | Home library | Current library | Date acquired | Cost, normal purchase price | Total Checkouts | Full call number | Barcode | Date last seen | Copy number | Uniform Resource Identifier | Cost, replacement price | Price effective from | Koha item type |
|---|---|---|---|---|---|---|---|---|---|---|---|---|---|---|---|---|
| D.B.Act.Division | D.B.Act.Division | 200.00 | 823.08 सिंहए | HN-54962 | 15/09/2008 | 1 | 11844 | 200.00 | 15/09/2008 | Hindi Books |
